[Event "Titled Tuesday intern op 21st Jun Early"]
[Site "Chess.com INT"]
[Date "2022.06.21"]
[Round "2"]
[White "Sapunov, Evgeny"]
[Black "Pourkashiyan, Atousa"]
[Result "1-0"]
[WhiteElo "2461"]
[BlackElo "2322"]
[PlyCount "103"]
[EventDate "2022.06.21"]
[EventType "swiss (blitz)"]
[EventRounds "11"]
[EventCountry "USA"]
[SourceTitle "EXT 2023"]
[Source "ChessBase"]
[SourceDate "2022.10.05"]
[SourceVersion "1"]
[SourceVersionDate "2022.10.05"]
[SourceQuality "1"]

1. c4 e5 2. Nf3 Nc6 3. Nc3 Nf6 4. e3 d5 5. cxd5 Nxd5 6. Bb5 Nxc3 7. bxc3 Bd6 8. d4 exd4 9. cxd4 0-0 10. 0-0 Bg4 11. h3 Bh5 12. Bb2 Re8 13. Bd3 Qf6 14. Rc1 Rad8 15. a3 Qe7 16. Re1 Bxa3 17. Bxh7+ Kxh7 18. Qd3+ Bg6 19. Qxa3 Qxa3 20. Bxa3 Kg8 21. Rc5 Be4 22. Rec1 Rd5 23. Nd2 Rxc5 24. Rxc5 f6 25. f3 Bg6 26. Kf2 Rd8 27. Rc3 Ne5 28. Ke2 Nc6 29. g4 Rd7 30. h4 Ne7 31. h5 Bf7 32. Bxe7 Rxe7 33. e4 c6 34. Ke3 Re8 35. f4 a5 36. f5 a4 37. Nb1 Ra8 38. e5 fxe5 39. dxe5 Bd5 40. Kd4 b5 41. Kc5 Rb8 42. Kb4 Kf7 43. Rc5 Bf3 44. g5 Bxh5 45. Rxc6 Rb7 46. Nc3 Bg4 47. g6+ Ke7 48. f6+ gxf6 49. exf6+ Kd7 50. Ra6 Bf5 51. f7 Ke7 52. Ra8 1-0

[Event "Titled Tuesday intern op 21st Jun Early"]
[Site "Chess.com INT"]
[Date "2022.06.21"]
[Round "11"]
[White "Shuvalova, Polina"]
[Black "Sapunov, Evgeny"]
[Result "0-1"]
[WhiteElo "2498"]
[BlackElo "2461"]
[PlyCount "154"]
[EventDate "2022.06.21"]
[EventType "swiss (blitz)"]
[EventRounds "11"]
[EventCountry "USA"]
[SourceTitle "EXT 2023"]
[Source "ChessBase"]
[SourceDate "2022.10.05"]
[SourceVersion "1"]
[SourceVersionDate "2022.10.05"]
[SourceQuality "1"]

1. d4 Nf6 2. Nc3 d5 3. Bg5 e6 4. e4 Bb4 5. e5 h6 6. Bd2 Bxc3 7. bxc3 Ne4 8. Bd3 Nxd2 9. Qxd2 c5 10. Ne2 Qa5 11. dxc5 Nd7 12. 0-0 Nxe5 13. Nf4 Qxc5 14. Nh5 0-0 15. Kh1 Nxd3 16. cxd3 Bd7 17. f4 Rac8 18. Rac1 f6 19. Rf3 Be8 20. Ng3 Bf7 21. h3 Rc7 22. d4 Qd6 23. Re1 Re8 24. Kh2 Rce7 25. Qf2 Bg6 26. Rfe3 Bh7 27. Kh1 b6 28. Nh5 Be4 29. Ng3 f5 30. c4 Kh7 31. Kh2 g6 32. Kh1 Rc7 33. cxd5 exd5 34. Nf1 Rec8 35. R1e2 Qb4 36. Rg3 Rc2 37. Ne3 Rxe2 38. Qxe2 Qxd4 39. h4 h5 40. Qb5 Rc7 41. Qe8 Qf6 42. Rg5 d4 43. Nf1 d3 44. Nd2 Bc6 45. Qb8 Re7 46. Kh2 Rd7 47. Qc8 Qd6 48. Rg3 Re7 49. Qf8 Rd7 50. Qc8 Qf6 51. Rg5 Re7 52. Qd8 Bb5 53. Qd5 Ba6 54. a4 Qe6 55. Qd8 Rd7 56. Qf8 Qd6 57. Qe8 Qxf4+ 58. g3 Qd6 59. Rxg6 Qxg6 60. Qxd7+ Kh6 61. Qxa7 Bc8 62. Qc7 Qe6 63. Qf4+ Kg6 64. Nf3 Qe2+ 65. Kh3 Bb7 66. Qd6+ Kf7 67. Qc7+ Qe7 68. Ng5+ Kf6 69. Qc3+ Kg6 70. Qxd3 Be4 71. Qe3 Qc5 72. Qd2 Bd5 73. Qe2 Qc4 74. Qe8+ Kf6 75. Qd8+ Ke5 76. Qh8+ Kd6 77. Qxh5 Qf1+ 0-1

[Event "Titled Tuesday intern op 07th Jun Early"]
[Site "Chess.com INT"]
[Date "2022.06.07"]
[Round "7"]
[White "Rodrigue Lemieux, Shawn"]
[Black "Sapunov, Evgeny"]
[Result "0-1"]
[WhiteElo "2366"]
[BlackElo "2461"]
[PlyCount "44"]
[EventDate "2022.06.07"]
[EventType "swiss (blitz)"]
[EventRounds "11"]
[EventCountry "USA"]
[SourceTitle "CBM 208 Extra"]
[Source "ChessBase"]
[SourceDate "2022.07.31"]
[SourceVersion "1"]
[SourceVersionDate "2022.07.31"]
[SourceQuality "1"]

1. c4 Nf6 2. g3 g6 3. Bg2 Bg7 4. Nc3 0-0 5. e4 d6 6. Nge2 e5 7. 0-0 c6 8. d3 Nbd7 9. h3 a6 10. Be3 b5 11. Qd2 Bb7 12. Bh6 d5 13. Bxg7 Kxg7 14. exd5 cxd5 15. cxb5 axb5 16. Nxb5 Qb6 17. Nbc3 d4 18. Ne4 Nxe4 19. dxe4 Nc5 20. f3 d3 21. Kh2 dxe2 22. Rfc1 Ba6 0-1

[Event "Titled Tuesday intern op 07th Jun Early"]
[Site "Chess.com INT"]
[Date "2022.06.07"]
[Round "1"]
[White "Sapunov, Evgeny"]
[Black "Ladan, Nicholas John"]
[Result "1-0"]
[WhiteElo "2461"]
[BlackElo "2131"]
[PlyCount "55"]
[EventDate "2022.06.07"]
[EventType "swiss (blitz)"]
[EventRounds "11"]
[EventCountry "USA"]
[SourceTitle "CBM 208 Extra"]
[Source "ChessBase"]
[SourceDate "2022.07.31"]
[SourceVersion "1"]
[SourceVersionDate "2022.07.31"]
[SourceQuality "1"]

1. c4 c6 2. Nf3 d5 3. b3 Nf6 4. Bb2 Bf5 5. g3 e6 6. Bg2 Nbd7 7. 0-0 a5 8. a3 Be7 9. d3 0-0 10. Nbd2 h6 11. Qc2 Bh7 12. Bc3 b5 13. cxb5 cxb5 14. b4 axb4 15. Bxb4 Bxb4 16. axb4 Qe7 17. Qc3 Rfc8 18. Rxa8 Rxa8 19. Nd4 Rb8 20. Nc6 Qd6 21. Nxb8 Qxb8 22. Rc1 Nf8 23. Nf3 N6d7 24. Ra1 Nb6 25. Ra5 Na4 26. Qc6 Qd8 27. Ra8 Qf6 28. Qd6 1-0

[Event "Titled Tuesday intern op 07th Jun Early"]
[Site "Chess.com INT"]
[Date "2022.06.07"]
[Round "8"]
[White "Sapunov, Evgeny"]
[Black "Martinez Alcantara, Jose Eduardo"]
[Result "0-1"]
[WhiteElo "2461"]
[BlackElo "2591"]
[PlyCount "188"]
[EventDate "2022.06.07"]
[EventType "swiss (blitz)"]
[EventRounds "11"]
[EventCountry "USA"]
[SourceTitle "CBM 208 Extra"]
[Source "ChessBase"]
[SourceDate "2022.07.31"]
[SourceVersion "1"]
[SourceVersionDate "2022.07.31"]
[SourceQuality "1"]

1. c4 c5 2. Nf3 Nc6 3. Nc3 g6 4. e3 Bg7 5. d4 d6 6. h3 Nf6 7. d5 Nb4 8. e4 0-0 9. a3 Na6 10. Bd3 e5 11. g4 Nc7 12. Bg5 Rb8 13. Qe2 Bd7 14. Nd2 a6 15. a4 a5 16. 0-0-0 Na6 17. Rdg1 Nb4 18. Bb1 h6 19. Be3 Nh7 20. h4 Kh8 21. b3 Qe7 22. h5 Ng5 23. Nf3 Kg8 24. Nxg5 hxg5 25. Qd2 Bf6 26. f3 Kg7 27. Bd3 Rh8 28. Bf1 Rh6 29. Rh2 Rbh8 30. Rgh1 gxh5 31. gxh5 Kf8 32. Nd1 Qd8 33. Nf2 Be7 34. Kb2 f6 35. Bg2 Qb6 36. Kc1 Na6 37. Qc3 Nb4 38. Qd2 Na6 39. Kc2 Ke8 40. Bh3 Kd8 41. Bxd7 Kxd7 42. Ng4 R6h7 43. h6 Kc8 44. Bf2 Nb4+ 45. Kb1 Na6 46. Qe3 Nb8 47. Be1 Qc7 48. Ka2 Nd7 49. Bd2 Nf8 50. Qe1 b6 51. Ne3 Ng6 52. Nf5 Bf8 53. Qf1 Qd7 54. Qh3 Kc7 55. Qh5 Rg8 56. Qg4 Ne7 57. Ne3 Rgh8 58. Qxd7+ Kxd7 59. Ng4 Ng8 60. Kb1 Ke7 61. Kc2 Kf7 62. Kd3 Kg6 63. Ke2 Nxh6 64. Ne3 Rd7 65. Be1 Rhh7 66. Bf2 Rb7 67. Be1 Rbd7 68. Ng4 Ng8 69. Rxh7 Rxh7 70. Rxh7 Kxh7 71. Ne3 Ne7 72. Kf2 Kg6 73. Kg2 f5 74. Bf2 Bh6 75. Nf1 g4 76. Ng3 gxf3+ 77. Kxf3 f4 78. Ne2 Bg5 79. Nc3 Ng8 80. Nb5 Be7 81. Be1 Nh6 82. Nc7 Nf7 83. Nb5 Ng5+ 84. Ke2 Nxe4 85. Kd3 Ng5 86. Bh4 e4+ 87. Ke2 Kf5 88. Bxg5 Kxg5 89. Na7 Kf5 90. Nc8 f3+ 91. Kf1 Bh4 92. Nxd6+ Kf4 93. Nf7 e3 94. d6 e2+ 0-1

[Event "Titled Tuesday intern op 07th Jun Early"]
[Site "Chess.com INT"]
[Date "2022.06.07"]
[Round "4"]
[White "Sapunov, Evgeny"]
[Black "Suleymanli, Aydin Elshan"]
[Result "1-0"]
[WhiteElo "2461"]
[BlackElo "2537"]
[PlyCount "87"]
[EventDate "2022.06.07"]
[EventType "swiss (blitz)"]
[EventRounds "11"]
[EventCountry "USA"]
[SourceTitle "CBM 208 Extra"]
[Source "ChessBase"]
[SourceDate "2022.07.31"]
[SourceVersion "1"]
[SourceVersionDate "2022.07.31"]
[SourceQuality "1"]

1. c4 e5 2. Nf3 Nc6 3. Nc3 g6 4. d4 exd4 5. Nxd4 Bg7 6. Nxc6 bxc6 7. g3 Ne7 8. Bg2 0-0 9. 0-0 Rb8 10. Qa4 a6 11. c5 Re8 12. Rd1 d5 13. cxd6 cxd6 14. Qc2 d5 15. e4 Qa5 16. Bf4 Rb7 17. Rac1 Be6 18. b3 Rb4 19. Bd2 Qb6 20. Na4 Rxa4 21. bxa4 d4 22. a5 Qa7 23. Bb4 Rb8 24. Bc5 Qd7 25. Rd2 Rb5 26. Rcd1 Bg4 27. f3 Be6 28. Bf1 Rxa5 29. a4 h5 30. h4 Qc7 31. Kg2 f5 32. Bc4 Bxc4 33. Qxc4+ Kh7 34. Bxd4 fxe4 35. fxe4 Bxd4 36. Rxd4 Qe5 37. Qf7+ Kh6 38. Qf8+ Kh7 39. Rf1 Ng8 40. Rf7+ Kh8 41. Rdd7 Qxe4+ 42. Rf3 Qe2+ 43. Rf2 Qe4+ 44. Kh2 1-0

[Event "Titled Tuesday intern op 17th May Early"]
[Site "Chess.com INT"]
[Date "2022.05.17"]
[Round "9"]
[White "Royal, Shreyas"]
[Black "Sapunov, Evgeny"]
[Result "0-1"]
[WhiteElo "2385"]
[BlackElo "2461"]
[PlyCount "66"]
[EventDate "2022.05.17"]
[EventType "swiss (blitz)"]
[EventRounds "11"]
[EventCountry "USA"]
[SourceTitle "CBM 208 Extra"]
[Source "ChessBase"]
[SourceDate "2022.07.31"]
[SourceVersion "1"]
[SourceVersionDate "2022.07.31"]
[SourceQuality "1"]

1. d4 Nf6 2. c4 g6 3. Nf3 Bg7 4. e3 0-0 5. Be2 d6 6. 0-0 Nbd7 7. Nc3 e5 8. b4 Re8 9. Qc2 exd4 10. Nxd4 a5 11. b5 Nc5 12. Ba3 Nfe4 13. Bf3 Nxc3 14. Qxc3 Ne6 15. Rad1 Nxd4 16. exd4 h5 17. Qb3 Rb8 18. c5 Be6 19. d5 Bg4 20. Bxg4 hxg4 21. b6 cxb6 22. cxb6 Be5 23. f4 gxf3 24. Rxf3 Qh4 25. g3 Qg4 26. Rdf1 Rbc8 27. Rxf7 Rc3 28. Rf8+ Rxf8 29. Rxf8+ Kxf8 30. Bxd6+ Kg8 31. Qb5 Rc1+ 32. Kg2 Rc2+ 33. Kg1 Qd1+ 0-1

[Event "Titled Tuesday intern op 17th May Early"]
[Site "Chess.com INT"]
[Date "2022.05.17"]
[Round "8"]
[White "Sapunov, Evgeny"]
[Black "De Silva, LMST"]
[Result "0-1"]
[WhiteElo "2461"]
[BlackElo "2192"]
[PlyCount "184"]
[EventDate "2022.05.17"]
[EventType "swiss (blitz)"]
[EventRounds "11"]
[EventCountry "USA"]
[SourceTitle "CBM 208 Extra"]
[Source "ChessBase"]
[SourceDate "2022.07.31"]
[SourceVersion "1"]
[SourceVersionDate "2022.07.31"]
[SourceQuality "1"]

1. c4 e5 2. Nf3 Nc6 3. Nc3 Nf6 4. e3 d5 5. cxd5 Nxd5 6. Bb5 Nxc3 7. bxc3 Bd6 8. d4 exd4 9. cxd4 0-0 10. 0-0 Ne7 11. h3 c6 12. Bd3 f5 13. Qb3+ Nd5 14. Ba3 Bxa3 15. Qxa3 Be6 16. Rab1 b5 17. Rfc1 b4 18. Qa6 Nc3 19. Bc4 Bxc4 20. Qxc4+ Qd5 21. Qxd5+ cxd5 22. Rb2 Rfc8 23. Kh2 a5 24. Ne5 Rab8 25. Nd7 Rb5 26. a3 Rc4 27. axb4 Na4 28. Rxc4 dxc4 29. Rc2 axb4 30. Rxc4 b3 31. Ne5 Rb8 32. Nd3 b2 33. Nxb2 Nxb2 34. Rc5 g6 35. g4 fxg4 36. hxg4 Nd3 37. Rc2 Ne1 38. Re2 Nf3+ 39. Kg3 Ng5 40. e4 Rb3+ 41. Kf4 h6 42. d5 Kf7 43. Ke5 Ke7 44. Kd4 Rb4+ 45. Kd3 Nh3 46. Kc3 Ra4 47. e5 Nf4 48. Rd2 Ra5 49. Kc4 Kd7 50. f3 g5 51. Rd1 Ra3 52. Kc5 Rxf3 53. e6+ Ke7 54. Ra1 Rc3+ 55. Kd4 Rd3+ 56. Ke4 Rxd5 57. Ra6 Rd6 58. Ra7+ Kxe6 59. Rh7 Ng6 60. Rxh6 Kf6 61. Rh7 Rb6 62. Rc7 Rb4+ 63. Kf3 Ne5+ 64. Kg3 Rxg4+ 65. Kh3 Rf4 66. Kg3 Rf3+ 67. Kg2 g4 68. Rc8 Kf5 69. Rf8+ Ke4 70. Re8 Ra3 71. Re7 Kf4 72. Re8 Ra2+ 73. Kf1 g3 74. Rg8 Ng4 75. Rf8+ Ke3 76. Re8+ Kf3 77. Rf8+ Ke4 78. Re8+ Ne5 79. Rg8 Kf4 80. Rf8+ Kg4 81. Rg8+ Kh4 82. Rh8+ Kg5 83. Rg8+ Ng6 84. Kg1 Rf2 85. Kh1 Kh5 86. Rg7 Rf6 87. Kg2 Kg4 88. Rg8 Rb6 89. Rg7 Rf6 90. Kg1 Kf3 91. Kf1 Nf4 92. Kg1 Rb6 0-1

[Event "Titled Tuesday intern op 17th May Early"]
[Site "Chess.com INT"]
[Date "2022.05.17"]
[Round "6"]
[White "Zhigalko, Sergei"]
[Black "Sapunov, Evgeny"]
[Result "1-0"]
[WhiteElo "2572"]
[BlackElo "2461"]
[PlyCount "85"]
[EventDate "2022.05.17"]
[EventType "swiss (blitz)"]
[EventRounds "11"]
[EventCountry "USA"]
[SourceTitle "CBM 208 Extra"]
[Source "ChessBase"]
[SourceDate "2022.07.31"]
[SourceVersion "1"]
[SourceVersionDate "2022.07.31"]
[SourceQuality "1"]

1. e4 d6 2. d4 Nf6 3. Nc3 c6 4. Nf3 Bg4 5. h3 Bxf3 6. Qxf3 e6 7. Bd3 d5 8. 0-0 dxe4 9. Nxe4 Nbd7 10. Re1 Be7 11. c3 Nxe4 12. Bxe4 Nf6 13. Bc2 0-0 14. Bf4 Qd5 15. Qe3 b5 16. Be5 Qd8 17. Qg3 g6 18. Rad1 Nd5 19. b3 Bf6 20. c4 Nb6 21. Be4 Rc8 22. c5 Nd5 23. Bxd5 exd5 24. Re3 Bxe5 25. Rxe5 Re8 26. Rde1 Rxe5 27. Qxe5 Qa5 28. Re2 Qc3 29. h4 h5 30. g3 a5 31. Kg2 a4 32. Qf6 axb3 33. axb3 Qxb3 34. Re7 Rf8 35. Qxc6 Qc4 36. Qf6 b4 37. Rb7 b3 38. c6 Qc2 39. c7 b2 40. Qd8 Kg7 41. Rb8 Rxd8 42. cxd8Q Qe4+ 43. Kh2 1-0

[Event "Titled Tuesday intern op 10th May Early"]
[Site "Chess.com INT"]
[Date "2022.05.10"]
[Round "9"]
[White "Jumabayev, Rinat"]
[Black "Sapunov, Evgeny"]
[Result "0-1"]
[WhiteElo "2628"]
[BlackElo "2461"]
[PlyCount "144"]
[EventDate "2022.05.10"]
[EventType "swiss (blitz)"]
[EventRounds "11"]
[EventCountry "USA"]
[SourceTitle "CBM 208 Extra"]
[Source "ChessBase"]
[SourceDate "2022.07.31"]
[SourceVersion "1"]
[SourceVersionDate "2022.07.31"]
[SourceQuality "1"]

1. e4 c5 2. Nf3 d6 3. d4 cxd4 4. Qxd4 a6 5. Be2 e6 6. 0-0 Nf6 7. Rd1 Nbd7 8. e5 dxe5 9. Nxe5 Qb6 10. Qxb6 Nxb6 11. c4 Nbd7 12. Bf4 Nxe5 13. Bxe5 Nd7 14. Bc7 b6 15. Nc3 Ra7 16. Bd6 Bb7 17. b4 Ba8 18. a4 Bxd6 19. Rxd6 Ke7 20. Rad1 Rc8 21. b5 a5 22. f4 Bd5 23. Nxd5+ exd5 24. R1xd5 Rb8 25. Rc6 g6 26. Kf2 Rbb7 27. Ke3 Rc7 28. Bg4 Rxc6 29. bxc6 Nc5 30. Bf3 Rc7 31. Re5+ Kd6 32. Kd4 Nxa4 33. Rd5+ Ke7 34. Rb5 Kd6 35. Bd5 f5 36. g3 Rc8 37. Rb1 Rc7 38. Re1 Re7 39. c7 Rxc7 40. Re6+ Kd7 41. Rf6 Nc5 42. Rxb6 a4 43. Rb5 Nb3+ 44. Kc3 Ra7 45. c5 Kc7 46. Bxb3 axb3 47. Kxb3 Ra1 48. Kc4 Rc1+ 49. Kd5 Rd1+ 50. Ke6 Rd2 51. h4 Rd3 52. Kf6 Rxg3 53. Ra5 Rg4 54. Ke5 Kc6 55. Ra7 Rxh4 56. Rg7 Rh1 57. Kf6 Kxc5 58. Rd7 Kc6 59. Rd3 Rh4 60. Ke5 Kc5 61. Rc3+ Kb4 62. Rd3 Kc4 63. Rd7 h5 64. Rg7 Rg4 65. Rd7 h4 66. Rd2 Rg3 67. Rh2 h3 68. Rd2 Kc3 69. Rd8 Rg2 70. Rh8 h2 71. Rh3+ Kd2 72. Kf6 Ke1 0-1

[Event "Titled Tuesday intern op 10th May Early"]
[Site "Chess.com INT"]
[Date "2022.05.10"]
[Round "8"]
[White "Sapunov, Evgeny"]
[Black "Hoffmann, Asa"]
[Result "1-0"]
[WhiteElo "2461"]
[BlackElo "2185"]
[PlyCount "89"]
[EventDate "2022.05.10"]
[EventType "swiss (blitz)"]
[EventRounds "11"]
[EventCountry "USA"]
[SourceTitle "CBM 208 Extra"]
[Source "ChessBase"]
[SourceDate "2022.07.31"]
[SourceVersion "1"]
[SourceVersionDate "2022.07.31"]
[SourceQuality "1"]

1. c4 Nf6 2. Nf3 d6 3. Nc3 e5 4. d4 Nbd7 5. e4 c6 6. Be2 Be7 7. 0-0 0-0 8. Qc2 a6 9. Rd1 Qc7 10. Bg5 h6 11. Bh4 Re8 12. Rac1 Bf8 13. a3 b6 14. b4 Bb7 15. d5 c5 16. Nd2 Be7 17. Bg3 Nh7 18. Rb1 Rab8 19. Rb2 Qd8 20. Rdb1 Bh4 21. Bg4 Bxg3 22. hxg3 Nhf6 23. Bh3 Qc7 24. Na4 cxb4 25. axb4 b5 26. cxb5 Qxc2 27. Rxc2 axb5 28. Nc3 Rec8 29. Rbc1 Ba6 30. f3 Rc7 31. Ra2 Bc8 32. Ne2 Rxc1+ 33. Nxc1 Nb6 34. Ne2 Bxh3 35. gxh3 Nc4 36. Nb3 Nd7 37. Nc3 Rb7 38. h4 h5 39. Kf2 g5 40. hxg5 Kg7 41. f4 h4 42. f5 hxg3+ 43. Kxg3 Rb8 44. Ra7 Nf8 45. g6 1-0

[Event "Titled Tuesday intern op 19th Apr Early"]
[Site "Chess.com INT"]
[Date "2022.04.19"]
[Round "6"]
[White "Lehtosaari, Mauri"]
[Black "Sapunov, Evgeny"]
[Result "0-1"]
[WhiteElo "2199"]
[BlackElo "2461"]
[PlyCount "146"]
[EventDate "2022.04.19"]
[EventType "swiss (blitz)"]
[EventRounds "11"]
[EventCountry "USA"]
[SourceTitle "EXT 2023"]
[Source "ChessBase"]
[SourceDate "2022.10.05"]
[SourceVersion "1"]
[SourceVersionDate "2022.10.05"]
[SourceQuality "1"]

1. d4 Nf6 2. Nf3 g6 3. Bg5 Bg7 4. Nbd2 d5 5. e3 Nbd7 6. Be2 0-0 7. 0-0 c5 8. c3 b6 9. a4 a6 10. Bh4 Bb7 11. Ne5 Nxe5 12. dxe5 Nd7 13. f4 Re8 14. Bf3 Qc7 15. Bg3 Rad8 16. Qb3 c4 17. Qc2 Qc5 18. Bf2 Qc7 19. Rae1 b5 20. axb5 axb5 21. e4 Nc5 22. Bxc5 Qxc5+ 23. Kh1 d4 24. cxd4 Qxd4 25. Nb1 b4 26. Rd1 Qc5 27. Nd2 Ba6 28. Nb3 Qb6 29. Nc1 g5 30. fxg5 Bxe5 31. Bh5 Rf8 32. Rxd8 Qxd8 33. Qf2 Qd4 34. Bxf7+ Kg7 35. Qf5 Bc8 36. Qf3 Be6 37. Ne2 Qd3 38. Nf4 Bxf4 39. Qxd3 cxd3 40. Bxe6 d2 41. Bb3 Rc8 42. Rd1 Bxg5 43. g3 Rd8 44. Kg2 Bf6 45. Rb1 Rd3 46. Bd1 Re3 47. Bf3 Re1 48. Bd1 Bd4 49. Kf3 e5 50. b3 Kf6 51. h4 h6 52. Kg4 Kg6 53. h5+ Kf6 54. Kf3 Kg5 55. g4 Kh4 56. Kg2 Kg5 57. Kf3 Bc5 58. Kg2 Kf4 59. Kh3 Rg1 60. Kh2 Rf1 61. Kg2 Rf2+ 62. Kh3 Rf1 63. Kg2 Re1 64. Kh3 Bd4 65. Kg2 Bc3 66. Kh3 Kxe4 67. g5 hxg5 68. Kg2 Kf4 69. h6 g4 70. h7 e4 71. Kf2 e3+ 72. Kg2 e2 73. Bxe2 Rxb1 0-1

[Event "Titled Tuesday intern op 19th Apr Early"]
[Site "Chess.com INT"]
[Date "2022.04.19"]
[Round "9"]
[White "Sapunov, Evgeny"]
[Black "Hua, Lefong"]
[Result "1-0"]
[WhiteElo "2461"]
[BlackElo "2305"]
[PlyCount "41"]
[EventDate "2022.04.19"]
[EventType "swiss (blitz)"]
[EventRounds "11"]
[EventCountry "USA"]
[SourceTitle "EXT 2023"]
[Source "ChessBase"]
[SourceDate "2022.10.05"]
[SourceVersion "1"]
[SourceVersionDate "2022.10.05"]
[SourceQuality "1"]

1. c4 Nf6 2. Nf3 g6 3. Nc3 Bg7 4. e4 d6 5. d4 0-0 6. Be2 Bg4 7. Be3 Nfd7 8. Rc1 c5 9. d5 Na6 10. 0-0 Nc7 11. Re1 e6 12. dxe6 Nxe6 13. Qxd6 Bxf3 14. Bxf3 Nd4 15. Bxd4 Bxd4 16. Nd5 Bxb2 17. Rb1 Be5 18. Qe7 b6 19. Bg4 Nf6 20. Qxe5 Nxg4 21. Ne7+ 1-0

[Event "Titled Tuesday intern op 12th Apr Early"]
[Site "Chess.com INT"]
[Date "2022.04.12"]
[Round "3"]
[White "Sapunov, Evgeny"]
[Black "Avalos Parra, Joao"]
[Result "1-0"]
[WhiteElo "2461"]
[BlackElo "2193"]
[PlyCount "57"]
[EventDate "2022.04.12"]
[EventType "swiss (blitz)"]
[EventRounds "11"]
[EventCountry "USA"]
[SourceTitle "CBM 207 Extra"]
[Source "ChessBase"]
[SourceDate "2022.05.31"]
[SourceVersion "1"]
[SourceVersionDate "2022.05.31"]
[SourceQuality "1"]

1. c4 Nf6 2. Nf3 g6 3. Nc3 Bg7 4. e4 d6 5. d4 0-0 6. Be2 e5 7. 0-0 Na6 8. Be3 Ng4 9. Bg5 Qe8 10. Re1 f6 11. Bh4 g5 12. Bg3 h5 13. h3 Nh6 14. d5 Qe7 15. Nd2 h4 16. Bh2 f5 17. exf5 Nxf5 18. Bg4 Nd4 19. Nde4 Bxg4 20. Qxg4 Nc2 21. Nxg5 Nxa1 22. Rxa1 Nc5 23. b4 Nd3 24. Nce4 Qe8 25. Ne6 Qf7 26. f3 Rae8 27. a3 Rxe6 28. dxe6 Qf5 29. e7 1-0

[Event "Titled Tuesday intern op 05th Apr Late"]
[Site "Chess.com INT"]
[Date "2022.04.05"]
[Round "4"]
[White "Bachmann, Axel"]
[Black "Sapunov, Evgeny"]
[Result "0-1"]
[WhiteElo "2588"]
[BlackElo "2461"]
[PlyCount "76"]
[EventDate "2022.04.05"]
[EventType "swiss (blitz)"]
[EventRounds "11"]
[EventCountry "USA"]
[SourceTitle "CBM 207 Extra"]
[Source "ChessBase"]
[SourceDate "2022.05.31"]
[SourceVersion "1"]
[SourceVersionDate "2022.05.31"]
[SourceQuality "1"]

1. d4 Nf6 2. g3 d5 3. Nf3 c6 4. c4 dxc4 5. Bg2 b5 6. 0-0 Bb7 7. b3 cxb3 8. Qxb3 e6 9. Nc3 Nbd7 10. Rd1 Be7 11. Ne5 Qb6 12. a4 a6 13. a5 Qc7 14. Bf4 Bd6 15. Rac1 Nxe5 16. dxe5 Bxe5 17. Bxe5 Qxe5 18. Qa3 Qc7 19. Ne4 Nxe4 20. Bxe4 Qe7 21. Qf3 0-0 22. Bxc6 Bxc6 23. Rxc6 h6 24. Rdd6 Rfb8 25. Rb6 Qc7 26. Rdc6 Qd8 27. Rxa6 Rxa6 28. Rxa6 b4 29. Qb3 Qd4 30. e3 Qc5 31. h4 h5 32. Kg2 g6 33. Kg1 Kg7 34. Kg2 Qb5 35. Qb2+ Kg8 36. Ra7 Qc5 37. Ra6 Rd8 38. Kh2 Rd1 0-1

[Event "Titled Tuesday intern op 05th Apr Late"]
[Site "Chess.com INT"]
[Date "2022.04.05"]
[Round "2"]
[White "Sapunov, Evgeny"]
[Black "Baker, Chris W"]
[Result "1-0"]
[WhiteElo "2461"]
[BlackElo "2272"]
[PlyCount "79"]
[EventDate "2022.04.05"]
[EventType "swiss (blitz)"]
[EventRounds "11"]
[EventCountry "USA"]
[SourceTitle "CBM 207 Extra"]
[Source "ChessBase"]
[SourceDate "2022.05.31"]
[SourceVersion "1"]
[SourceVersionDate "2022.05.31"]
[SourceQuality "1"]

1. c4 Nf6 2. Nf3 e6 3. Nc3 c5 4. g3 Be7 5. Bg2 0-0 6. 0-0 d5 7. cxd5 Nxd5 8. e4 Nb4 9. d4 cxd4 10. Nxd4 N8c6 11. Nxc6 Nxc6 12. Bf4 Qa5 13. a3 Rd8 14. Qc1 Nd4 15. b4 Qh5 16. Qd1 Qxd1 17. Rfxd1 f6 18. e5 f5 19. h4 Kf7 20. Ra2 a5 21. b5 Nb3 22. Rxd8 Bxd8 23. Na4 Bd7 24. Bxb7 Rb8 25. Bc6 Bxc6 26. bxc6 Nd4 27. Kg2 Nxc6 28. Rd2 Ne7 29. Rd7 Ke8 30. Ra7 Rb3 31. Nc5 Rxa3 32. Nxe6 g6 33. Ra8 Nc6 34. Bg5 Rd3 35. Nxd8 Nxd8 36. e6 h6 37. Bxh6 a4 38. Bg5 a3 39. e7 a2 40. exd8Q+ 1-0

[Event "Titled Tuesday intern op 29th Mar Early"]
[Site "Chess.com INT"]
[Date "2022.03.29"]
[Round "4"]
[White "Hamley, Ryan"]
[Black "Sapunov, Evgeny"]
[Result "0-1"]
[WhiteElo "2077"]
[BlackElo "2461"]
[PlyCount "128"]
[EventDate "2022.03.29"]
[EventType "swiss (blitz)"]
[EventRounds "11"]
[EventCountry "USA"]
[SourceTitle "CBM 207 Extra"]
[Source "ChessBase"]
[SourceDate "2022.05.31"]
[SourceVersion "1"]
[SourceVersionDate "2022.05.31"]
[SourceQuality "1"]

1. d4 Nf6 2. Bf4 d6 3. Nd2 Nc6 4. Ngf3 Nh5 5. Bg3 g6 6. e3 Nxg3 7. hxg3 Bg7 8. c4 e5 9. d5 Nb8 10. e4 a5 11. b3 Na6 12. a3 Bd7 13. Qc2 0-0 14. Be2 Qe7 15. Rb1 c5 16. Nf1 Nc7 17. Ne3 b5 18. g4 h6 19. 0-0 Rfb8 20. Rfc1 b4 21. a4 Bf6 22. Rf1 Kg7 23. g3 Rh8 24. Kg2 Raf8 25. Rh1 Ne8 26. Nh4 Bg5 27. Qd3 Nf6 28. f3 Nh7 29. Rbf1 Re8 30. Bd1 Bc8 31. Bc2 Rhf8 32. f4 Bf6 33. f5 Bg5 34. Rf2 Rh8 35. Nf3 Ref8 36. Kf1 Bd7 37. Ke2 Nf6 38. Nxg5 hxg5 39. Rfh2 Qd8 40. Kd2 Rxh2+ 41. Rxh2 Rh8 42. Qe2 Qg8 43. Qf2 Rh7 44. Rg2 Qh8 45. Qf3 Rh2 46. Bd1 Qh3 47. Rxh2 Qxh2+ 48. Be2 Qxg3 49. Kd3 Qf4 50. Ng2 Qh2 51. Bd1 gxf5 52. gxf5 g4 53. Qe3 Qh3 54. Be2 Qxe3+ 55. Kxe3 Kh6 56. Bd3 Kg5 57. Kf2 Nh5 58. Ke3 f6 59. Be2 Nf4 60. Bf1 Be8 61. Ne1 g3 62. Kf3 Kh4 63. Ng2+ Nxg2 64. Kxg2 Bh5 0-1

[Event "Titled Tuesday intern op 29th Mar Late"]
[Site "Chess.com INT"]
[Date "2022.03.29"]
[Round "9"]
[White "Iskusnyh, Sergei"]
[Black "Sapunov, Evgeny"]
[Result "0-1"]
[WhiteElo "2473"]
[BlackElo "2461"]
[PlyCount "108"]
[EventDate "2022.03.29"]
[EventType "swiss (blitz)"]
[EventRounds "11"]
[EventCountry "USA"]
[SourceTitle "CBM 207 Extra"]
[Source "ChessBase"]
[SourceDate "2022.05.31"]
[SourceVersion "1"]
[SourceVersionDate "2022.05.31"]
[SourceQuality "1"]

1. d4 Nf6 2. c4 g6 3. g3 Bg7 4. Bg2 0-0 5. Nc3 d6 6. Nf3 Nc6 7. 0-0 Bf5 8. d5 Na5 9. Nh4 Bd7 10. Qd3 c5 11. b3 a6 12. Bd2 Rb8 13. Rac1 b5 14. Nd1 e6 15. e4 Re8 16. Ne3 exd5 17. exd5 Ng4 18. Nxg4 Bxg4 19. Rfe1 Qb6 20. Rxe8+ Rxe8 21. Re1 Rxe1+ 22. Bxe1 bxc4 23. bxc4 Bd4 24. h3 Bd7 25. Nf3 Bf6 26. g4 h6 27. Bd2 Bg7 28. Bf1 Nb7 29. Qb3 Qxb3 30. axb3 a5 31. Bd3 a4 32. bxa4 Bxa4 33. Bf4 Bd7 34. Nd2 f5 35. gxf5 Bxf5 36. Bxf5 gxf5 37. Nf1 Kf7 38. Ne3 Kg6 39. Kg2 Be5 40. Kf3 Na5 41. Bxe5 dxe5 42. d6 Kf6 43. d7 Nc6 44. Nd5+ Ke6 45. Nb6 Kd6 46. Ke3 Kc7 47. Nd5+ Kxd7 48. Nf6+ Ke6 49. Ng8 h5 50. f4 e4 51. Nh6 Ne7 52. Ng4 hxg4 53. hxg4 fxg4 54. Kxe4 Nf5 0-1